| 000 | 00476nam a2200181Ia 4500 | ||
|---|---|---|---|
| 008 | 230917s9999||||xx |||||||||||||| ||und|| | ||
| 020 | _cRS285 | ||
| 040 |
_e229806 _aMAIN |
||
| 041 | _aEnglish | ||
| 082 | _a515.33 M287D(7) | ||
| 100 | _aMaity, Kantish | ||
| 245 | 0 | _aDifferential calculus | |
| 250 | _a7th ed. | ||
| 260 |
_aNew Delhi _bNew Central Book Agency _c2016 |
||
| 300 | _axvi, 428 p. | ||
| 500 | _a2229 24/12/2015 IBS15/285 29/12/2015 UIET (SFS) | ||
| 942 | _cBK | ||
| 999 |
_c17082 _d17082 |
||